Statistics for US state gemstones

Click here to take the quiz!

General Stats

  • This quiz has been taken 37 times
  • The average score is 8 of 35

Answer Stats

StateGemstone% Correct
ArkansasDiamond
97%
North CarolinaEmerald
85%
South CarolinaAmethyst
71%
New YorkGarnet
71%
UtahTopaz
65%
ArizonaTurquoise
65%
New MexicoTurquoise
65%
GeorgiaQuartz
59%
ColoradoAquamarine
56%
MaineTourmaline
35%
FloridaMoonstone
26%
MassachusettsRhodonite
12%
New HampshireSmoky Quartz
12%
IdahoStar Garnet
9%
CaliforniaBenitoite
6%
HawaiiBlack Coral
6%
MichiganChlorastrolite
6%
VermontGrossular Garnet
6%
MinnesotaLake Superior Agate
6%
LousianaLapearlite
6%
AlaskaNephrite Jade
6%
MarylandPatuxent River Stone Agate
6%
WashingtonPetrified Wood
6%
AlabamaStar Blue Quartz
6%
South DakotaFairburn Agate
3%
West VirginiaFossil Coral
3%
KentuckyFreshwater Pearl
3%
OhioOhio Flint
3%
OregonOregon Sunstone Labradorite
3%
TexasTexas Blue Topaz
3%
WyomingWyoming Nephrite Jade
3%
NevadaBlack Fire Opal
0%
NebraskaBlue Agate
0%
MontanaMontana Sapphire
0%
TennesseeTennessee River Pearl
0%

Score Distribution

Percentile by Number Answered

Percent of People with Each Score

Your Score History

You have not taken this quiz